Gujarat: the Shenvas, a scheduled caste (Record no. 484088)

000 -LEADER
fixed length control field 00397cam a22001217a 4500
008 - FIXED-LENGTH DATA ELEMENTS--GENERAL INFORMATION
fixed length control field 180718bn.d. xxu||||| |||| 00| 0 eng d
082 ## - DEWEY DECIMAL CLASSIFICATION NUMBER
Classification number A81x54 In2/61/Vol 5/Pt 5 B-2
100 ## - MAIN ENTRY--PERSONAL NAME
Personal name Census of India 1961
245 ## - TITLE STATEMENT
Title Gujarat: the Shenvas, a scheduled caste
260 ## - PUBLICATION, DISTRIBUTION, ETC.
Place of publication, distribution, etc. Delhi
Name of publisher, distributor, etc. The Manager of Publications
Date of publication, distribution, etc. n.d.
300 ## - PHYSICAL DESCRIPTION
Extent 46+p.
440 ## - SERIES STATEMENT/ADDED ENTRY--TITLE
Title Census of India 1961. Volume V, Gujarat. Part V-B.3o.2
Holdings
Withdrawn status Lost status Damaged status Not for loan Permanent Location Current Location Date acquired Full call number Barcode Date last seen Price effective from Koha item type
        Indian Institute of Public Administration Indian Institute of Public Administration 2018-08-04 A81x54 In2/61/Vol 5/Pt 5 B-2 G12355 2018-08-04 2018-08-04 G

Powered by Koha